000 00727 a2200241 4500
003 CBULib
005 20240515135444.0
008 240418b |||||||| |||| 00| 0 eng d
020 _a9780198706465
040 _bEnglish
_cCBULib
_erda
041 _aeng
050 _aBJ 1461 Ste
100 _aSteward, Helen
_92819
245 _a A Metaphysics for freedom
_c/ by Helen Steward
260 _bOxford University Press,
_c2012.
_aUnited Kingdom :
300 _axii, 267 pages
336 _2rdacontent
_aText |
_btxt
337 _2rdamedia
_aUnmediated |
_bn
338 _2rdacarrier
_aVolume
_bnc
650 0 _aFREE WILL AND DETERMINISM
_2Library of Congress
_92820
650 0 _aAGENT(PHILOSOPHY)
_92821
942 _2lcc
_c002
999 _c84890
_d84890